• 首页
  • 本馆介绍
  • 公告通知
  • 最新文献
  • 馆藏检索
  • 电子资源
  • 读者导购
  • 参考咨询
  • 我的图书馆
  • 登录
  • 详细信息显示
  • 放入我的书架
  • 预约/预借图书
  • 作者相关作品
  • 分类相关作品
  • 丛书相关作品
  • 出版社相关作品

书目信息

  • 表格格式
  • 工作单格式
  • 卡片格式
题名:
糖尿病健康饮食指南
    
 
作者: 望岳 编著
分册:  
出版信息: 石家庄   河北科学技术出版社  2007.02
页数: 199页
开本: 24cm
丛书名: 家庭医生保健丛书
单 册:
中图分类: R587.105 , R587.1-62
科图分类:
主题词: 糖尿病--饮食疗法--食谱 , 糖尿病 , 食谱 , 饮食疗法
电子资源:
ISBN: 978-7-5375-3530-4
000 00979oam2 2200313 450
001 003483698
005 20110923084840.25
010    @a978-7-5375-3530-4@dCNY21.80
035    @a003483698
100    @a20070608d2007 em y0chiy0110 ea
101 0  @achi
102    @aCN@b130000
105    @ay z 000yy
200 1  @a糖尿病健康饮食指南@9tang niao bing jian kang yin shi zhi nan@f望岳编著
210    @a石家庄@c河北科学技术出版社@d2007.02
215    @a199页@d24cm
225 2  @a家庭医生保健丛书
330    @a本书内容包括:糖尿病健康饮食常识、常见降糖食品的调养食谱、有哪些药食兼用的调养食谱、不同证型糖尿病怎样饮食调养、糖尿病合并症饮食调养食谱。
461  0 @1001003483951@12001 @a家庭医生保健丛书
606 0  @a糖尿病@x饮食疗法@x食谱
606 0  @a糖尿病
606 0  @a食谱
606 0  @a饮食疗法
690    @aR587.105@v5
690    @aR587.1-62@v5
701  0 @a望岳@9wang yue@4编著
801 0  @c20110923
905    @aBZT@dR587.1-62@e7
906    @dCNY21.80@n0@r1
    
    糖尿病健康饮食指南/望岳编著.-石家庄:河北科学技术出版社,2007.02
    199页;24cm.-(家庭医生保健丛书)
    
    
    ISBN 978-7-5375-3530-4:CNY21.80
    本书内容包括:糖尿病健康饮食常识、常见降糖食品的调养食谱、有哪些药食兼用的调养食谱、不同证型糖尿病怎样饮食调养、糖尿病合并症饮食调养食谱。
●
相关链接 在五车中查询图书 在当当中查询图书 在豆瓣中查询图书


正题名:糖尿病健康饮食指南     索取号:R587.1-62/7         预约/预借

序号 登录号 条形码 馆藏地/架位号 状态 备注
1 781826   2000781826   中心书库中库/ 中库010架B面2列4层52/ [索取号:R587.1-62/7] 在馆    
2 781827   2000781827   中心书库中库/ 中库010架B面2列4层50/ [索取号:R587.1-62/7] 在馆    
3 781829   2000781829   中心书库中库/ 中库010架B面2列4层49/ [索取号:R587.1-62/7] 在馆    
4 781830   2000781830   中心书库中库/ 中库010架B面2列4层51/ [索取号:R587.1-62/7] 在馆    
5 795812   2000795812   中心书库中库/ 中库014架A面2列7层30/ [索取号:R587.1-62/7] 在馆    
6 795813   2000795813   中心书库中库/ 中库014架A面2列7层31/ [索取号:R587.1-62/7] 在馆    
7 795814   2000795814   中心书库中库/ 中库014架A面2列7层25/ [索取号:R587.1-62/7] 在馆    
8 795815   2000795815   中心书库中库/ 中库014架A面2列7层26/ [索取号:R587.1-62/7] 在馆    
9 795816   2000795816   中心书库中库/ 中库014架A面2列7层28/ [索取号:R587.1-62/7] 在馆    
10 795817   2000795817   中心书库中库/ 中库014架A面2列7层27/ [索取号:R587.1-62/7] 在馆    
山东省滨州职业学院图书馆 欢迎您!
大连网信软件有限公司© 版权所有